| 000 | 00458nam a2200181Ia 4500 | ||
|---|---|---|---|
| 005 | 20240823024759.0 | ||
| 008 | 240823s9999||||xx |||||||||||||| ||und|| | ||
| 041 | _aENGLISH | ||
| 082 | _A629.1366 P9 | ||
| 100 | _aTuli K D | ||
| 245 | 0 | _aGuide to Flight Radiotelphony Radio Aids & Avionics | |
| 250 | _a10th | ||
| 260 |
_c2009 _b"Himalaya Publishing House,Bombay" |
||
| 500 | _aTRANSFERED | ||
| 650 |
_aavionics _bAME |
||
| 942 | _cBK | ||
| 999 |
_c184730 _d184730 |
||